Anaphora in generative grammar /

Bibliographic Details
Main Author: Wasow, Thomas
Format: Book
Language:English
Published: Ghent : E. Story-Scientia, 1979.
Series:SIGLA ; 2.
Subjects:

MARC

Tag First Indicator Second Indicator Subfields
LEADER 00000cam a2200000 a 4500
001 in00000075706
005 20151008053705.0
008 810814s1979 be b 00010 eng
010 |a  81465338  
015 |a Be*** 
020 |a 9064391629 
035 |a (OCoLC)06879066 
035 |9 AAH8304AM 
039 0 |a 2  |b 3  |c 3  |d 3  |e 3 
040 |a DLC  |c DLC  |d TXA  |d UtOrBLW 
049 |a TXAM  |c [1406811] 
050 0 0 |a P158  |b .W3 
082 0 |a 415  |2 19 
100 1 |a Wasow, Thomas. 
245 1 0 |a Anaphora in generative grammar /  |c Thomas Wasow. 
264 1 |a Ghent :  |b E. Story-Scientia,  |c 1979. 
300 |a x, 181 pages ;  |c 24 cm. 
336 |a text  |b txt  |2 rdacontent 
337 |a unmediated  |b n  |2 rdamedia 
338 |a volume  |b nc  |2 rdacarrier 
490 1 |a Sigla ;  |v 2 
504 |a Bibliography: pages [177]-181. 
650 0 |a Generative grammar. 
650 0 |a Anaphora (Linguistics) 
830 0 |a SIGLA ;  |v 2. 
999 |a MARS 
999 f f |s 6b4f53b4-c7cf-3c67-b1f5-5f13a0c7c79f  |i 3b499958-0f8c-371e-b258-1a89f9d09275  |t 0 
952 f f |p ric  |a Texas A&M University  |b Rellis Campus  |c Joint Library Facility  |s JLF  |d Remote Storage  |t 0  |e P158 .W3  |h Library of Congress classification  |i unmediated -- volume  |m A14806172307 
998 f f |a P158 .W3  |t 0  |l Remote Storage